000 00589nam a2200241Ia 4500
003 OSt
005 20221005115520.0
006 a|||||r|||| 00| 0
007 ta
008 221004b |||||||| |||| 00| 0 tam d
024 _a49125
037 _cTextual
040 _aCRL
_cCRL
_btam
041 _2tam
_atam
082 _aO31,1N18x, J8
100 _aRaghavan Au.
_9604088
245 0 _aChengarumbu
260 _c1958
650 _a TAMIL POETRY
650 _aTAMIL LITERATURE
942 _hO31,1N18x, J8
_cTEXL
_2cc
999 _c1035066
_d1035066